000
00232nam a22001097a 4500
082
_a
808.3 BOW'T
100
_a
BOWER, B. M
_9
79966
245
_a
TRIGGER VENGEANCE
260
_a
NEWYORK
_b
SIGNET
_c
1962
300
_a
160P
942
_c
BK
999
_c
584943
_d
584943